[Event "South African op"]
[Site "Durban"]
[Date "2017.07.15"]
[Round "2"]
[White "Du Plessis, Heinco"]
[Black "Hattingh, Krishna"]
[Result "0-1"]
[WhiteElo "2003"]
[BlackElo "1608"]
[PlyCount "124"]
[EventDate "2017.07.14"]
[EventType "swiss"]
[EventRounds "11"]
[EventCountry "RSA"]
[SourceTitle "EXT 2018"]
[Source "ChessBase"]
[SourceDate "2017.10.13"]
[SourceVersion "1"]
[SourceVersionDate "2017.10.13"]
[SourceQuality "1"]

1. e4 c6 2. Nc3 d5 3. Nf3 dxe4 4. Nxe4 Bf5 5. Ng3 Bg6 6. h4 h6 7. Ne5 Qd6 8. d4 Nd7 9. Nxg6 Qxg6 10. Bf4 Qe6+ 11. Qe2 Qxe2+ 12. Bxe2 Ngf6 13. 0-0-0 e6 14. Rhe1 Nd5 15. Bd2 Bd6 16. Ne4 Bc7 17. c4 N5f6 18. Nc3 0-0-0 19. Be3 Nb6 20. a4 a5 21. Kc2 Rhe8 22. g4 Nfd7 23. b3 Nb8 24. g5 hxg5 25. hxg5 Na6 26. Rh1 Rh8 27. g6 f5 28. Bf3 Nb4+ 29. Kb1 Kb8 30. Ne2 Nd7 31. Nf4 Rxh1 32. Rxh1 Nf8 33. Rh8 Kc8 34. Bh5 Bxf4 35. Bxf4 Nd7 36. Rh7 Rg8 37. Be2 Nf8 38. Rh3 Nxg6 39. Bd6 Kd7 40. Bc5 Kc7 41. Re3 Nf4 42. Bf3 Nbd3 43. Be7 g5 44. c5 Nxf2 45. Kc2 Kd7 46. Bd6 N2h3 47. Bd1 g4 48. Rg3 Rh8 49. Bxg4 fxg4 50. Rxg4 Nh5 51. Be5 Rf8 52. b4 axb4 53. Kb3 N3f4 54. Rh4 Rf5 55. Bxf4 Nxf4 56. Rh7+ Kc8 57. Kxb4 Rd5 58. Kc4 Ne2 59. Rh4 Kb8 60. Kd3 Rxd4+ 61. Rxd4 Nxd4 62. Kxd4 Ka7 0-1

[Event "RSA-ch U16"]
[Site "Waterkloof"]
[Date "2015.04.06"]
[Round "3"]
[White "Hattingh, Krishna"]
[Black "Marais, Daniel Petrus"]
[Result "1-0"]
[WhiteElo "1590"]
[BlackElo "1688"]
[PlyCount "95"]
[EventDate "2015.04.04"]
[EventType "swiss"]
[EventRounds "9"]
[EventCountry "RSA"]
[SourceTitle "CBM 166 Extra"]
[Source "ChessBase"]
[SourceDate "2015.06.18"]
[SourceVersion "1"]
[SourceVersionDate "2015.06.18"]
[SourceQuality "1"]

1. e4 e5 2. Nc3 Nc6 3. f4 exf4 4. Nf3 g5 5. h4 g4 6. Ng1 d6 7. d4 Bh6 8. Nge2 g3 9. d5 Ne5 10. Bxf4 Bxf4 11. Nxf4 Nf6 12. Qd2 Bd7 13. 0-0-0 Nfg4 14. Nh3 Nh2 15. Qf4 Bxh3 16. gxh3 Nxf1 17. Rhxf1 g2 18. Rf2 Qd7 19. Rxg2 Qxh3 20. Rg3 Qd7 21. Qf6 Rf8 22. Rdg1 Qe7 23. Qf5 Qxh4 24. Rh3 Qe7 25. Rxh7 Qd7 26. Qf2 b6 27. Qe2 0-0-0 28. Qa6+ Kb8 29. Nb5 c6 30. Nd4 cxd5 31. exd5 Rc8 32. Rhg7 Qb7 33. Qxb7+ Kxb7 34. Nb5 Rfd8 35. R1g5 Nd3+ 36. Kd2 Nxb2 37. Rxf7+ Ka6 38. Nc7+ Ka5 39. Ne6 Rh8 40. Rxa7+ Kb4 41. a3+ Kc4 42. Rg4+ Kxd5 43. Nf4+ Kc6 44. Ng6 Rh2+ 45. Kc1 Kb5 46. Rb4+ Kc5 47. Kxb2 Kd5 48. Ne7+ 1-0

[Event "RSA-ch U16"]
[Site "Waterkloof"]
[Date "2015.04.04"]
[Round "2"]
[White "Modi, Sachin"]
[Black "Hattingh, Krishna"]
[Result "1/2-1/2"]
[WhiteElo "1759"]
[BlackElo "1590"]
[PlyCount "92"]
[EventDate "2015.04.04"]
[EventType "swiss"]
[EventRounds "9"]
[EventCountry "RSA"]
[SourceTitle "CBM 166 Extra"]
[Source "ChessBase"]
[SourceDate "2015.06.18"]
[SourceVersion "1"]
[SourceVersionDate "2015.06.18"]
[SourceQuality "1"]

1. e4 c5 2. Nc3 Nc6 3. f4 d6 4. Nf3 Nf6 5. Bb5 a6 6. Bxc6+ bxc6 7. d3 g6 8. 0-0 Bg7 9. Qe1 Bg4 10. Qg3 Bxf3 11. Qxf3 0-0 12. Ne2 Qd7 13. f5 e6 14. Bg5 h6 15. Bxf6 Bxf6 16. Rab1 Rab8 17. b3 Rbe8 18. Ng3 exf5 19. exf5 d5 20. Rbe1 Bd4+ 21. Kh1 Rxe1 22. Rxe1 Re8 23. Rxe8+ Qxe8 24. fxg6 fxg6 25. Ne2 Qf7 26. Nxd4 cxd4 27. Qe2 Qf4 28. Kg1 Kf7 29. Qf2 Qxf2+ 30. Kxf2 a5 31. a3 Kf6 32. Kf3 h5 33. g3 Kg5 34. a4 c5 35. h3 Kf5 36. Ke2 g5 37. Kf3 Ke5 38. Ke2 h4 39. gxh4 gxh4 40. Kf1 Kf5 41. Ke2 Ke5 42. Ke1 Kf5 43. Ke2 Ke5 44. Ke1 Kf5 45. Ke2 Ke5 46. Ke1 Kf5 1/2-1/2